| 000 | 00408nam a22001337a 4500 | ||
|---|---|---|---|
| 020 | _a273-40229-3 | ||
| 082 | _a629.246 PLA'P | ||
| 100 |
_aPLATT, MAURICE _944363 |
||
| 245 | _aAUTOMOBILE BRAKES AND BRAKE TESTING BRAKING PRINCIPLES CONSTRUCTION MAINTENANCE AND TESTING OF BRAKING SYSTEMS | ||
| 260 |
_aLONDON _bSIR ISAAC PITMAN _c1968 |
||
| 300 | _aVII, 112P | ||
| 650 |
_a ACC NO-6027 _979863 |
||
| 942 | _cBK | ||
| 999 |
_c584854 _d584854 |
||